[Event "FRA-ch U16"]
[Site "Agen"]
[Date "2022.04.17"]
[Round "1"]
[White "Gheorghin, Felix"]
[Black "Bat, Bilguun"]
[Result "0-1"]
[WhiteElo "1575"]
[BlackElo "2169"]
[PlyCount "64"]
[EventDate "2022.04.16"]
[EventType "swiss"]
[EventRounds "9"]
[EventCountry "FRA"]
[SourceTitle "EXT 2023"]
[Source "ChessBase"]
[SourceDate "2022.10.05"]
[SourceVersion "1"]
[SourceVersionDate "2022.10.05"]
[SourceQuality "1"]

1. e4 c5 2. Nf3 d6 3. d4 cxd4 4. Nxd4 Nf6 5. Nc3 a6 6. Be3 e5 7. Nb3 Be6 8. f3 Be7 9. Qd2 0-0 10. 0-0-0 a5 11. Na4 Nbd7 12. Bb5 d5 13. Bxd7 Bxd7 14. Nb6 d4 15. Bxd4 exd4 16. Nxa8 Qxa8 17. Nxd4 Rd8 18. Qe2 a4 19. a3 Re8 20. g4 Qa5 21. h4 Bf8 22. h5 h6 23. Qd2 Qe5 24. Kb1 Nh7 25. Nf5 Bc6 26. Qd3 Ng5 27. Nh4 b5 28. Rde1 b4 29. axb4 Bxb4 30. Rd1 Ne6 31. Qc4 Bc5 32. Nf5 Rb8 0-1

[Event "Montigny le Bretonneux op 21st"]
[Site "Montigny le Bretonneux"]
[Date "2021.12.28"]
[Round "4"]
[White "Gheorghin, Felix"]
[Black "Artieres, Michel"]
[Result "1/2-1/2"]
[WhiteElo "1469"]
[BlackElo "1681"]
[PlyCount "42"]
[EventDate "2021.12.26"]
[EventType "swiss"]
[EventRounds "9"]
[EventCountry "FRA"]
[SourceTitle "EXT 2023"]
[Source "ChessBase"]
[SourceDate "2022.10.05"]
[SourceVersion "1"]
[SourceVersionDate "2022.10.05"]
[SourceQuality "1"]

1. e4 e6 2. d4 d5 3. exd5 exd5 4. Bd3 Nf6 5. Nf3 Bg4 6. 0-0 Be7 7. Re1 Nc6 8. c3 0-0 9. Bg5 Re8 10. Nbd2 h6 11. Bh4 Nh5 12. Bxe7 Rxe7 13. h3 Rxe1+ 14. Qxe1 Bxf3 15. Nxf3 Nf4 16. Bc2 Qf6 17. Qe3 Ng6 18. Re1 Kf8 19. Bxg6 Qxg6 20. Ne5 Nxe5 21. Qxe5 Qd6 1/2-1/2

[Event "Montigny le Bretonneux op 21st"]
[Site "Montigny le Bretonneux"]
[Date "2021.12.27"]
[Round "1"]
[White "Chaintreau, Cedric"]
[Black "Gheorghin, Felix"]
[Result "0-1"]
[WhiteElo "1092"]
[BlackElo "1469"]
[PlyCount "86"]
[EventDate "2021.12.26"]
[EventType "swiss"]
[EventRounds "9"]
[EventCountry "FRA"]
[SourceTitle "EXT 2023"]
[Source "ChessBase"]
[SourceDate "2022.10.05"]
[SourceVersion "1"]
[SourceVersionDate "2022.10.05"]
[SourceQuality "1"]

1. e4 c5 2. Nf3 d6 3. Bc4 e6 4. d4 cxd4 5. Qxd4 Nc6 6. Qd3 Nf6 7. Bg5 Be7 8. Nbd2 0-0 9. 0-0 Qc7 10. a3 a6 11. b4 b5 12. Bb3 Bb7 13. Rac1 Ne5 14. Nxe5 dxe5 15. c4 bxc4 16. Rxc4 Qb6 17. Be3 Qd6 18. Qxd6 Bxd6 19. f3 a5 20. Bc5 Bxc5+ 21. bxc5 Ba6 22. Rfc1 Bxc4 23. Rxc4 Rfd8 24. Rc2 Rac8 25. Nf1 Rd3 26. Nd2 Nd7 27. c6 Nb6 28. Kf2 a4 29. Ba2 Rd6 30. Ke3 Rdxc6 31. Rb2 Kf8 32. Rb5 Rc3+ 33. Ke2 Nd7 34. Bb1 Rxa3 35. Bd3 Nc5 36. Bc4 Ra1 37. Ra5 a3 38. Bb5 Ra2 39. Ke3 Rxd2 40. Rxa3 Rxg2 41. h3 Rh2 42. Bf1 Rb8 43. Rc3 Rb3 0-1

[Event "FRA-ch Blitz Online Qual"]
[Site "Europe Echecs INT"]
[Date "2020.05.16"]
[Round "10"]
[White "Gheorghin, Felix"]
[Black "Muller, Patrick"]
[Result "1-0"]
[WhiteElo "1310"]
[BlackElo "1582"]
[PlyCount "99"]
[EventDate "2020.05.16"]
[EventType "swiss (blitz)"]
[EventRounds "15"]
[EventCountry "FRA"]
[SourceTitle "CBM 196 Extra"]
[Source "ChessBase"]
[SourceDate "2020.07.31"]
[SourceVersion "1"]
[SourceVersionDate "2020.07.31"]
[SourceQuality "1"]

1. e4 e5 2. Nf3 Nc6 3. Bc4 d6 4. d3 Be7 5. h3 Nf6 6. Bg5 h6 7. Bh4 Bd7 8. Nc3 a6 9. 0-0 0-0 10. Qd2 b5 11. Bb3 Rb8 12. Bxf6 Bxf6 13. Nd5 Be6 14. Nc3 Qe7 15. Bd5 Nb4 16. Bxe6 fxe6 17. a3 Nc6 18. Ne2 Nd8 19. Qa5 Rb6 20. Rac1 Nb7 21. Qd2 c5 22. b4 Rc8 23. bxc5 Rxc5 24. d4 exd4 25. Nexd4 Bxd4 26. Qxd4 e5 27. Qe3 Rbc6 28. Qd3 Qc7 29. Ne1 Rc3 30. Qd2 Rxa3 31. Qb4 Rac3 32. f4 R6c4 33. Qb2 Rxe4 34. fxe5 Rxe5 35. Qa2+ Kh7 36. Qxa6 Rc6 37. Qa8 Qc8 38. Qxc8 Rxc8 39. Rf7 Nc5 40. Nf3 Rd5 41. Nh4 Ne6 42. Nf5 Kg6 43. Ne7+ Kxf7 44. Nxc8 Rd2 45. Nb6 Nd4 46. Nc8 Ne2+ 47. Kf1 Nxc1 48. Nxd6+ Ke6 49. Ne4 Rxc2 50. Ke1 1-0

[Event "FRA-ch Blitz Online Qual"]
[Site "Europe Echecs INT"]
[Date "2020.05.16"]
[Round "3"]
[White "Migus, Ethan"]
[Black "Gheorghin, Felix"]
[Result "0-1"]
[WhiteElo "1084"]
[BlackElo "1310"]
[PlyCount "26"]
[EventDate "2020.05.16"]
[EventType "swiss (blitz)"]
[EventRounds "15"]
[EventCountry "FRA"]
[SourceTitle "CBM 196 Extra"]
[Source "ChessBase"]
[SourceDate "2020.07.31"]
[SourceVersion "1"]
[SourceVersionDate "2020.07.31"]
[SourceQuality "1"]

1. e4 c5 2. Nc3 Nc6 3. Bb5 g6 4. Bxc6 bxc6 5. Nf3 Bg7 6. d4 cxd4 7. Nxd4 Qb6 8. Nde2 Ba6 9. 0-0 Bxc3 10. bxc3 Nf6 11. Kh1 Nxe4 12. f3 Nf2+ 13. Rxf2 Qxf2 0-1

[Event "FRA-ch Blitz Online Qual"]
[Site "Europe Echecs INT"]
[Date "2020.05.16"]
[Round "7"]
[White "Pigeat, Benoit"]
[Black "Gheorghin, Felix"]
[Result "1-0"]
[WhiteElo "1873"]
[BlackElo "1310"]
[PlyCount "53"]
[EventDate "2020.05.16"]
[EventType "swiss (blitz)"]
[EventRounds "15"]
[EventCountry "FRA"]
[SourceTitle "CBM 196 Extra"]
[Source "ChessBase"]
[SourceDate "2020.07.31"]
[SourceVersion "1"]
[SourceVersionDate "2020.07.31"]
[SourceQuality "1"]

1. e4 c5 2. Nf3 d6 3. d4 cxd4 4. Nxd4 Nf6 5. Nc3 a6 6. Bc4 e6 7. Be3 Be7 8. Qd2 b5 9. Bb3 b4 10. Na4 Nxe4 11. Qxb4 d5 12. Qb6 Qxb6 13. Nxb6 Bb4+ 14. Ke2 Nd7 15. Nxa8 Bb7 16. Nc7+ Kd8 17. Ncxe6+ fxe6 18. Nxe6+ Ke7 19. Nd4 a5 20. c3 Ba6+ 21. Kd1 Bc5 22. Bxd5 Nd6 23. Re1 Kd8 24. Ne6+ Kc8 25. Nxc5 Nxc5 26. Bxc5 Nb7 27. Bb6 1-0